Verejný činiteľ - špeciálny subjekt trestného činu

Pojem verejný činiteľ a jeho trestnoprávna ochrana a zodpovednosť. Znaky charakterizujúce verejného činiteľa. Pojem pracovník orgánu štátnej správy a samosprávy. Právomoci verejného činiteľa.

Na minha lista:
Detalhes bibliográficos
Autor principal: Korgo, Dušan
Formato: Capítulo de Livro
Idioma:eslovaco
Assuntos:
Tags: Adicionar Tag
Sem tags, seja o primeiro a adicionar uma tag!

MARC

LEADER 00000naa a2200000 4500
001 r047665
005 20230929081408.5
041 0 |a slo 
044 |a SK 
245 1 0 |a Verejný činiteľ - špeciálny subjekt trestného činu  |c Dušan Korgo 
520 |a Pojem verejný činiteľ a jeho trestnoprávna ochrana a zodpovednosť. Znaky charakterizujúce verejného činiteľa. Pojem pracovník orgánu štátnej správy a samosprávy. Právomoci verejného činiteľa. 
610 2 0 |a právo trestné 
610 2 0 |a činiteľ ľudský 
610 2 0 |a činy trestné 
610 2 0 |a pracovníci administratívni 
610 2 0 |a pracovníci riadiaci 
610 2 0 |a správa štátna 
610 2 0 |a správa verejná 
610 2 0 |a orgány štátne 
610 2 0 |a súdy 
610 2 0 |a Slovensko 
100 1 |a Korgo, Dušan